000 00634nam a2200193Ia 4500
003 IN-BaIIA
008 211028s9999 xx 000 0 eng d
040 _cIIA Library
080 _a03:53
_bGLA
245 2 _aA dictionary of applied physics
_bvol. III, meteorology, metrology and measuring apparatus
_cedited by Richard Glazebrook
260 _aLondon
_bMacmillan
_c1923
300 _a839p.
650 _aApplied Physics Dictionary
_9605
650 _aAstronomy and Astrophysics Thesaurus
650 _aDictionaries-Applied Physics
_9606
650 _aPhysics Dictionary
_9607
700 _aGlazebrook, Richard, ed.
_9608
942 _cBK
999 _c303
_d303